Sed.
Guardado en:
| Formato: | |
|---|---|
| Materias: | |
| Etiquetas: |
Agregar Etiqueta
Sin Etiquetas, Sea el primero en etiquetar este registro!
|
| LEADER | 00764ngm a22002055g 4500 | ||
|---|---|---|---|
| 001 | CEM.cems022936 | ||
| 008 | 130507b2009##################0###0#####d | ||
| 005 | 20241127141338.0 | ||
| 245 | 0 | 0 | |a Sed. |
| 300 | |a 26'. | ||
| 500 | |a En soporte VHS, consultar en ventanilla. | ||
| 505 | 0 | |a El problema del agua. Reservas acuíferas de América del Sur. Presiones de países desarrollados para apropiarse del agua. El ALCA. Ocupación norteamericana de la Triple Frontera | |
| 538 | |a Soporte: VHS - Norma: Pal N - Color: Si - Grabación DRD 2009 - Hitachi=2690 | ||
| 082 | 9 | 1 | |/ ENC |
| 653 | |a AGUA | ||
| 653 | |a SED | ||
| 653 | |a RESERVAS ACUIFERAS | ||
| 653 | |a TRIPLE FRONTERA | ||
| 653 | |a ALCA | ||
| 859 | |a CEMS |b BIB. CEMS - Depto. Recursos Didacticos |h 910 |i ENC |k DRD |p 1579.12 |t Ej.1 | ||
